Normal view
MARC view
Entry Personal Name
001 - CONTROL NUMBER
- control field: 4460
003 - CONTROL NUMBER IDENTIFIER
- control field: BD-RjUL
005 - DATE AND TIME OF LATEST TRANSACTION
- control field: 20220823110449.0
008 - FIXED-LENGTH DATA ELEMENTS
- fixed length control field: 220823|| aca||aabn | a|a d
040 ## - CATALOGING SOURCE
- Original cataloging agency: BD-RjUL
- Transcribing agency: BD-RjUL
100 ## - HEADING--PERSONAL NAME
- Personal name: Alam,Mohammad Manjurul
670 ## - SOURCE DATA FOUND
- Source citation: Work cat.: (BD-RjUL)80223: Alam,Mohammad Manjurul, Bionomics of Notopterus Notopterus (Pallas, 1769) /, 2009